| 000 | 00429nam a2200181Ia 4500 | ||
|---|---|---|---|
| 003 | 0STCL | ||
| 008 | 150530s9999 xx 000 0 und d | ||
| 040 |
_aSTCL _cSTCL |
||
| 100 | _aFrederick J, Gravetter;Lori-Ann B, Forzano | ||
| 245 | _aResearch Methods for the behavioural sciences | ||
| 250 | _a2 | ||
| 260 |
_c2006 _aUSA |
||
| 300 | _a0 | ||
| 546 | _aEnglish | ||
| 942 |
_2ddc _cBK |
||
| 999 |
_c99 _d99 |
||
| 005 | 20220125160150.0 | ||